| 000 | 00860nam a2200373 a 4500 | ||
|---|---|---|---|
| 005 | 20140310183232.0 | ||
| 008 | 040618s19uu xx 00 eng d | ||
| 020 | _a9715843530 | ||
| 050 |
_aR 724 _b.C565 2003 |
||
| 100 | _aCiabal, Laura | ||
| 245 |
_aEthics for health professionals / _cLaura Evelyn Paunil Ciabal. |
||
| 260 |
_aPhilippines : _bC& E Publishing, _c2003. |
||
| 300 |
_a197 p. : _bill. ; _c21 cm. |
||
| 521 | _aNUR | ||
| 650 | _aNursing ethics. | ||
| 942 |
_cBK _2lcc _kLOC |
||
| 999 |
_c20507 _d20507 |
||